00509nam a2200145Ia 4500082001200000100001800012245006600030260004800096300000800144504004100152650004100193650004900234650005500283710002500338 aTK.0393 aKamala Kumari 0aPolitical change and its impact on women in Russia, 1991-2000 c2007bJawharlal Nehru University, New Delhi a216 aincludes appendices and bibliography aWomen in politicszRussiaz1991-2000 aWomen political activistszRussiaz1991-2000 aRussiavPolitics and governmentz1991-2000zRussia aPatnaik, Ajay Kumar